Utazás Itáliában címmel tart vetített képes előadást dr. Jakucs László egyetemi docens... [rövid hír] /
Elmentve itt :
| Szerző: | |
|---|---|
| Dokumentumtípus: | Cikk |
| Megjelent: |
1965-11-10
|
| Sorozat: | Délmagyarország
55 No. 265 |
| Kulcsszavak: | Utazás előadás Szeged 1965, Előadás - ismeretterjesztő |
| Online Access: | http://dmarchiv.bibl.u-szeged.hu/55546 |
| LEADER | 00585nab a2200157 i 4500 | ||
|---|---|---|---|
| 001 | delm55546 | ||
| 005 | 20180927141849.0 | ||
| 008 | 180927s1965 hu o 0|| hun d | ||
| 040 | |a SZTE Délmagyarország Archívum |b hun | ||
| 041 | |a hun | ||
| 100 | 1 | |a Jakucs László | |
| 245 | 1 | 0 | |a Utazás Itáliában címmel tart vetített képes előadást dr. Jakucs László egyetemi docens... |h [elektronikus dokumentum] : |b [rövid hír] / |c Jakucs László |
| 260 | |c 1965-11-10 | ||
| 300 | |a 4 | ||
| 490 | 0 | |a Délmagyarország |v 55 No. 265 | |
| 695 | |a Utazás előadás Szeged 1965, Előadás - ismeretterjesztő | ||